书目信息 |
| 题名: |
互联网应用初级标准教程
|
|
| 作者: | 邓劲生 , 黄晓鹏 主编 ;全国信息化计算机应用技术资格认证管理中心 组编 | |
| 分册: | ||
| 出版信息: | 北京 北京理工大学出版社 2006.09 |
|
| 页数: | 210页 | |
| 开本: | 26cm | |
| 丛书名: | ||
| 单 册: | ||
| 中图分类: | TP393.4 | |
| 科图分类: | ||
| 主题词: | 因特网--yin te wang--资格考试--教材 | |
| 电子资源: | ||
| ISBN: | 7-5640-0821-0 | |
| 000 | 01419nam0 2200253 450 | |
| 001 | 012006848875 | |
| 005 | 20070611091101.25 | |
| 010 | @a7-5640-0821-0@dCNY29.80 | |
| 100 | @a20061210d2006 km y0chiy0120 ea | |
| 101 | 0 | @achi |
| 102 | @aCN@b110000 | |
| 105 | @aa z 000yy | |
| 200 | 1 | @a互联网应用初级标准教程@Ahu lian wang ying yong chu ji biao zhun jiao cheng@f黄晓鹏, 邓劲生主编@Fhuang xiao peng,deng jin sheng zhu bian@g全国信息化计算机应用技术资格认证管理中心组编@Gquan guo xin xi hua ji suan ji ying yong ji shu zi ge ren zheng guan li zhong xin zu bian |
| 210 | @a北京@c北京理工大学出版社@d2006.09 | |
| 215 | @a210页@c图@d26cm | |
| 300 | @a全国信息化计算机应用技术资格认证指定教材(考试科目编码0102) | |
| 330 | @a本书内容分为两个部分:互联网基础知识和网页编程基础。第一部分从互联网应用的基本操作入手,涵盖浏览器、搜索引擎、电子邮件、文件下载、实时通信等内容,深入浅出地介绍当前网络的主流应用。第二部分通过对Dreamweaver的初步学习,包括网页分析、文本排版、图像和布局、超链接、网站发布等内容,目的在于让读者快速掌握网页编程的基础操作方法。 | |
| 606 | 0 | @a因特网@Ayin te wang@x资格考试@j教材 |
| 690 | @aTP393.4@v4 | |
| 701 | 0 | @a邓劲生@Adeng jin sheng@4主编 |
| 701 | 0 | @a黄晓鹏@Ahuang xiao peng@4主编 |
| 712 | 02 | @a全国信息化计算机应用技术资格认证管理中心@Aquan guo xin xi hua ji suan ji ying yong ji shu zi ge ren zheng guan li zhong xin@4组编 |
| 801 | 0 | @aCN@c20070611 |
| 905 | @a10447@dTP393.4@eH904 | |
| 互联网应用初级标准教程/黄晓鹏, 邓劲生主编/全国信息化计算机应用技术资格认证管理中心组编.-北京:北京理工大学出版社,2006.09 |
| 210页:图;26cm |
| 全国信息化计算机应用技术资格认证指定教材(考试科目编码0102) |
| ISBN 7-5640-0821-0:CNY29.80 |
| 本书内容分为两个部分:互联网基础知识和网页编程基础。第一部分从互联网应用的基本操作入手,涵盖浏览器、搜索引擎、电子邮件、文件下载、实时通信等内容,深入浅出地介绍当前网络的主流应用。第二部分通过对Dreamweaver的初步学习,包括网页分析、文本排版、图像和布局、超链接、网站发布等内容,目的在于让读者快速掌握网页编程的基础操作方法。 |
| ● |
| 相关链接 |
|
|
|
正题名:互联网应用初级标准教程
索取号:TP393.4/H904
 
预约/预借
| 序号 | 登录号 | 条形码 | 馆藏地/架位号 | 状态 | 备注 |
| 1 | 231106 | 202311060 | 期刊室512/301自科库 133排2列4层/ [索取号:TP393.4/H904] | 在馆 | |
| 2 | 231107 | 202311079 | 自科库301/301自科库 133排2列4层/ [索取号:TP393.4/H904] | 在馆 |